| 000 | 00631nam a2200181 a 4500 | ||
|---|---|---|---|
| 005 | 20210219160151.0 | ||
| 008 | 080922s1970 mx r 000 0 spa d | ||
| 035 | _aUPN01000159951 | ||
| 049 | _aUNE | ||
| 080 | _a37.014.5 =40 "1970" BEE. | ||
| 100 | 1 | _aBeeby, C.E. | |
| 245 | 1 | 4 |
_aLes Aspects qualitatifs de la planification de l'éducation / _cBeeby. |
| 260 |
_aParis : _bUNESCO; _bInstitut International de Planification de l'Éducation, _c1970. |
||
| 300 | _a327 p. | ||
| 690 | _aPlanificacion de la educacion- Paises en desarrollo | ||
| 710 | 2 | _aUNESCO. International Institute for Educational Planning. | |
| 905 | _aUNESCO | ||
| 999 |
_c132065 _d132065 |
||